|
|
|
|
| LEADER |
00783nam a2200217 a 4500 |
| 001 |
c000193354 |
| 003 |
CARM |
| 005 |
20021125001700.0 |
| 008 |
870128s1948 cl 00010 spa d |
| 019 |
1 |
|
|a 3459308
|5 LACONCORD2021
|
| 035 |
|
|
|a (OCoLC)5038677
|5 LACONCORD2021
|
| 040 |
|
|
|a NUN
|c NUN
|
| 100 |
1 |
|
|a Espejo, Wáshington.
|k Selections
|
| 240 |
1 |
0 |
|a Espejo, Wáshington.
|k Selections
|
| 245 |
1 |
0 |
|a Antología poética /
|c Wáshington Espejo.
|
| 260 |
|
|
|a Santiago de Chile :
|b [s.n.],
|c 1948.
|
| 300 |
|
|
|a 324 p. ;
|c 19 cm.
|
| 852 |
8 |
|
|b CARM
|h A2:AK17A0
|i B06098
|p 0286936
|f BK
|
| 082 |
0 |
4 |
|a 861.6
|2 19
|
| 999 |
f |
f |
|i 55c66677-c698-5f5f-8efa-0fdcb035e965
|s a9a8b5e7-c102-5839-b831-7b348d2ff6f4
|
| 952 |
f |
f |
|p Can circulate
|a CAVAL
|b CAVAL
|c CAVAL
|d CARM 1 Store
|e B06098
|f A2:AK17A0
|h Other scheme
|i book
|m 0286936
|